000
00264nam a2200109Ia 4500
008
240625s9999 xx 000 0 und d
041
_a
eng
082
_a
658 FIT
100
_a
FITZSIMMONS JAMES
245
_a
SERVICE MANAGEMENT OPERATIONS STRATEGY A
260
_c
2006
999
_c
34976
_d
34976